[Event "Olimpiada Calviá 2004"]
[Site "Calviá ESP"]
[Date "2004.10.16"]
[Round "2.50"]
[White "Lebel-Arias, Julia"]
[Black "Purnama, Tirta Chandra"]
[Result "0-1"]
[WhiteElo "1986"]
[BlackElo "2286"]
[PlyCount "108"]
[EventDate "2004.10.15"]
[EventType "team"]
[EventRounds "14"]
[EventCountry "ESP"]
[Source "lmi"]
[SourceDate "2004.10.27"]

1. d4 d5 2. Bg5 c5 3. e3 Qb6 4. Nc3 e6 5. Bb5+ Bd7 6. Bxd7+ Nxd7 7. Nge2 h6 8.
Bf4 Ngf6 9. O-O Qc6 10. a4 a6 11. a5 Rc8 12. h3 Bd6 13. Bxd6 Qxd6 14. Ra3 O-O
15. Ng3 cxd4 16. exd4 Qb4 17. Rb3 Qxa5 18. Rxb7 Rb8 19. Rb3 Rxb3 20. cxb3 Rb8
21. Nge2 Rb4 22. Nc1 Qb6 23. N3e2 Nb8 24. Qd3 Nc6 25. Rd1 Ne4 26. Qe3 Nd6 27.
g4 a5 28. Rd3 a4 29. bxa4 Nc4 30. Qg3 Nxb2 31. Rb3 Nxd4 32. Rxb4 Qxb4 33. Qc3
Nxe2+ 34. Nxe2 Qb7 35. a5 Nc4 36. Nd4 Qb1+ 37. Kh2 Qa2 38. Kg2 Qxa5 39. Qg3 Qb6
40. Nf3 Qb1 41. g5 h5 42. Qf4 Qd3 43. Qb8+ Kh7 44. Qf4 Qg6 45. h4 f6 46. Kh2 e5
47. Qg3 d4 48. Ne1 fxg5 49. hxg5 e4 50. Ng2 Nd2 51. Kh1 Nf3 52. Qb8 Qe6 53. Qg3
Qa6 54. g6+ Qxg6 0-1

[Event "Olimpiada Calviá 2004"]
[Site "Calviá ESP"]
[Date "2004.10.16"]
[Round "2.51"]
[White "Bibby, Simon"]
[Black "Michelakis, George"]
[Result "0-1"]
[WhiteElo "2229"]
[BlackElo "2438"]
[PlyCount "40"]
[EventDate "2004.10.15"]
[EventType "team"]
[EventRounds "14"]
[EventCountry "ESP"]
[Source "lmi"]
[SourceDate "2004.10.27"]

1. e4 g6 2. d4 Bg7 3. Nc3 d6 4. Be3 a6 5. f4 b5 6. Be2 b4 7. Nb1 Nf6 8. Bf3 Bb7
9. d5 O-O 10. Qd2 a5 11. Ne2 e6 12. O-O exd5 13. exd5 Re8 14. f5 Nbd7 15. Bg5
Qb8 16. a3 Ba6 17. axb4 Bxe2 18. Bxf6 Qb6+ 19. Rf2 Nxf6 20. bxa5 Qxb2 0-1

[Event "Olimpiada Calviá 2004"]
[Site "Calviá ESP"]
[Date "2004.10.16"]
[Round "2.52"]
[White "Ho, Cheng-Fai"]
[Black "Hamdouchi, Hichem"]
[Result "0-1"]
[WhiteElo "2035"]
[BlackElo "2575"]
[PlyCount "52"]
[EventDate "2004.10.15"]
[EventType "team"]
[EventRounds "14"]
[EventCountry "ESP"]
[Source "lmi"]
[SourceDate "2004.10.27"]

1. d4 e6 2. Nf3 c5 3. c4 cxd4 4. Nxd4 Nf6 5. Nc3 Bb4 6. Ndb5 O-O 7. a3 Be7 8.
e4 d6 9. Bf4 e5 10. Bg5 a6 11. Bxf6 gxf6 12. Qa4 Nd7 13. Nd5 Nc5 14. Nxe7+ Qxe7
15. Qa5 b6 16. Qxb6 axb5 17. cxb5 Nb3 18. Rd1 Nd4 19. Bd3 Bg4 20. Rc1 Rfb8 21.
Qc7 Qf8 22. h3 Qh6 23. b6 Rxb6 24. O-O Nf3+ 25. gxf3 Bxf3 26. Rfd1 Qxh3 0-1

[Event "Olimpiada Calviá 2004"]
[Site "Calviá ESP"]
[Date "2004.10.16"]
[Round "2.52"]
[White "Tissir, Mohamed"]
[Black "Calangi, Zachary Alexander"]
[Result "1-0"]
[WhiteElo "2394"]
[BlackElo "2142"]
[PlyCount "95"]
[EventDate "2004.10.15"]
[EventType "team"]
[EventRounds "14"]
[EventCountry "ESP"]
[Source "lmi"]
[SourceDate "2004.10.27"]

1. e4 e5 2. Nf3 Nc6 3. Bc4 Nf6 4. d3 Be7 5. O-O O-O 6. Re1 d6 7. c3 Na5 8. Bb5
a6 9. Ba4 b5 10. Bc2 c5 11. Nbd2 h6 12. Nf1 Kh7 13. Ng3 Ng8 14. h3 g6 15. d4
Bf6 16. a4 b4 17. cxb4 cxb4 18. d5 Rb8 19. b3 Nb7 20. Be3 Qa5 21. Rc1 Bd7 22.
Nd2 Rfc8 23. Qe2 Bg5 24. Bd3 Bxe3 25. Qxe3 Nc5 26. Bc4 Qd8 27. f4 Qe7 28. fxe5
Qxe5 29. Qf2 Qg7 30. Nf3 f6 31. Nd4 Re8 32. Nc6 Rb7 33. Rcd1 Bc8 34. Qd2 h5 35.
Qf4 Rd7 36. Nxb4 Re5 37. Nc6 Rf7 38. Nxe5 fxe5 39. Qg5 Qf6 40. Qxf6 Nxf6 41. a5
h4 42. b4 Ncd7 43. Nh1 Nh5 44. Nf2 Ndf6 45. Rc1 Ra7 46. Bb5 Bxh3 47. gxh3 axb5
48. Rc6 1-0

[Event "Olimpiada Calviá 2004"]
[Site "Calviá ESP"]
[Date "2004.10.16"]
[Round "2.52"]
[White "Naciri, Zouhir"]
[Black "Fesalbon, Rolando"]
[Result "1-0"]
[WhiteElo "2170"]
[BlackElo "2148"]
[PlyCount "99"]
[EventDate "2004.10.15"]
[EventType "team"]
[EventRounds "14"]
[EventCountry "ESP"]
[Source "lmi"]
[SourceDate "2004.10.27"]

1. d4 c5 2. d5 Nf6 3. c4 d6 4. Nc3 g6 5. e4 Bg7 6. Be2 Nbd7 7. Nf3 Nb6 8. h3
Nfd7 9. a4 a5 10. Bf4 f6 11. Nd2 Ne5 12. Be3 Bd7 13. f4 Nf7 14. Bg4 f5 15. exf5
gxf5 16. Bh5 O-O 17. O-O Kh8 18. Qb3 Ra6 19. Rfe1 Nc8 20. Nf3 e5 21. Bxf7 Rxf7
22. fxe5 Rb6 23. Nb5 dxe5 24. Bxc5 e4 25. Nfd4 Rg6 26. Re2 b6 27. Ba3 Be5 28.
Rf1 Qf6 29. Nc2 Qh4 30. Rff2 Rfg7 31. Re3 Bf4 32. Bf8 Rf7 33. Qc3+ Kg8 34. Ba3
Bxe3 35. Qxe3 Rg3 36. Qd4 Qxh3 37. b3 Rfg7 38. Ne1 Rxb3 39. Qxg7+ Kxg7 40. gxh3
Bxb5 41. Bb2+ Kg6 42. cxb5 Nd6 43. Be5 Nf7 44. Bc7 Rb1 45. Kf1 Rd1 46. Bxb6
Rxd5 47. Bxa5 Nd6 48. Rd2 Rxd2 49. Bxd2 Nc4 50. Ke2 1-0

[Event "Olimpiada Calviá 2004"]
[Site "Calviá ESP"]
[Date "2004.10.16"]
[Round "2.55"]
[White "Srivachirawat, Kannapon"]
[Black "Ateka, Nathan"]
[Result "1/2-1/2"]
[WhiteElo "2166"]
[BlackElo "2138"]
[PlyCount "100"]
[EventDate "2004.10.15"]
[EventType "team"]
[EventRounds "14"]
[EventCountry "ESP"]
[Source "lmi"]
[SourceDate "2004.10.27"]

1. d4 Nf6 2. Nf3 g6 3. c3 Bg7 4. Bg5 d5 5. Nbd2 Bg4 6. Qb3 b6 7. Ne5 Be6 8. e3
O-O 9. Qa3 c6 10. Be2 Re8 11. O-O Ne4 12. Nxe4 dxe4 13. Bf4 b5 14. c4 Bxe5 15.
Bxe5 Bxc4 16. Bxc4 bxc4 17. Rac1 Qd5 18. Qc3 Nd7 19. Qxc4 Nxe5 20. Qxd5 cxd5
21. dxe5 Rec8 22. Rfd1 Kf8 23. Kf1 e6 24. Ke2 Ke7 25. Kd2 Kd7 26. Rxc8 Kxc8 27.
Rc1+ Kb7 28. Rc3 g5 29. a4 g4 30. b4 Rg8 31. b5 Rg5 32. Rc6 Rxe5 33. a5 d4 34.
a6+ Kb8 35. b6 dxe3+ 36. Kxe3 axb6 37. Rxb6+ Ka7 38. Rb7+ Kxa6 39. Rxf7 Rh5 40.
Rg7 Rxh2 41. Rxg4 Kb5 42. Kxe4 Rh5 43. g3 Kc6 44. Rh4 Rf5 45. f4 h5 46. g4 hxg4
47. Rxg4 Kd6 48. Rg7 Ra5 49. Rb7 Rh5 50. Ra7 Rb5 1/2-1/2

[Event "Olimpiada Calviá 2004"]
[Site "Calviá ESP"]
[Date "2004.10.16"]
[Round "2.57"]
[White "Press, Shaun"]
[Black "Juarez Flores, Roberto"]
[Result "1/2-1/2"]
[WhiteElo "2070"]
[BlackElo "2207"]
[PlyCount "111"]
[EventDate "2004.10.15"]
[EventType "team"]
[EventRounds "14"]
[EventCountry "ESP"]
[Source "lmi"]
[SourceDate "2004.10.27"]

1. e4 g6 2. d4 Bg7 3. Nc3 d6 4. Be3 c6 5. Qd2 b5 6. Be2 Nf6 7. f3 Qa5 8. g4 h5
9. g5 Nfd7 10. f4 Nb6 11. Nf3 Bh3 12. Rg1 Nc4 13. Bxc4 bxc4 14. Ne2 Qxd2+ 15.
Nxd2 d5 16. b3 cxb3 17. cxb3 Na6 18. a3 O-O 19. Rc1 Rfc8 20. b4 Bd7 21. Kf2 Nc7
22. e5 a5 23. Nb3 axb4 24. axb4 Ra2 25. Ra1 Rca8 26. Rxa2 Rxa2 27. Ra1 Rxa1 28.
Nxa1 Na6 29. Bd2 e6 30. Nb3 Bf8 31. Nc5 Bc8 32. Nc1 Nc7 33. N1b3 Ba6 34. Na5
Bb5 35. Nd7 Na6 36. Nxf8 Kxf8 37. Nb7 Ke7 38. Nc5 Nc7 39. Ke3 Ne8 40. Nb7 Kd7
41. Be1 Kc7 42. Nc5 Ng7 43. Kd2 Nf5 44. Bf2 Bf1 45. Kc3 Ne7 46. Be3 Nc8 47. Bf2
Na7 48. Be3 Nb5+ 49. Kb2 Bc4 50. Bf2 Na7 51. Kc3 Kb6 52. Kb2 Kb5 53. Kc3 Nc8
54. Be3 Ne7 55. Nb7 Be2 56. Nd6+ 1/2-1/2

[Event "Olimpiada Calviá 2004"]
[Site "Calviá ESP"]
[Date "2004.10.16"]
[Round "2.59"]
[White "Phillips, Roy"]
[Black "Kovacova, Zuzana"]
[Result "1/2-1/2"]
[WhiteElo "2229"]
[BlackElo "2039"]
[PlyCount "73"]
[EventDate "2004.10.15"]
[EventType "team"]
[EventRounds "14"]
[EventCountry "ESP"]
[Source "lmi"]
[SourceDate "2004.10.27"]

1. d4 d5 2. c4 c6 3. Nf3 Nf6 4. e3 e6 5. Nbd2 Nbd7 6. b3 Bb4 7. Bb2 O-O 8. Bd3
Re8 9. O-O c5 10. a3 Ba5 11. cxd5 exd5 12. Qc2 cxd4 13. Bxd4 Nf8 14. b4 Bb6 15.
Qb2 Bxd4 16. Nxd4 Ne4 17. Rad1 Qf6 18. Qc2 Bg4 19. Rc1 Rac8 20. Qb2 Ng5 21. Qb3
Qe5 22. Bb5 Red8 23. f4 Qe7 24. fxg5 Rxc1 25. Rxc1 Qxg5 26. Be2 Re8 27. Nf1 Re4
28. Bxg4 Rxg4 29. g3 Rxd4 30. exd4 Qxc1 31. Qxd5 Qxa3 32. Qxb7 Qa1 33. Qe4 h6
34. d5 Nd7 35. Qe8+ Nf8 36. Qe4 Nd7 37. Qe8+ 1/2-1/2

[Event "Olimpiada Calviá 2004"]
[Site "Calviá ESP"]
[Date "2004.10.16"]
[Round "2.59"]
[White "Faulks, Nick"]
[Black "Li Ying, Patrick"]
[Result "0-1"]
[WhiteElo "2056"]
[BlackElo "2200"]
[PlyCount "90"]
[EventDate "2004.10.15"]
[EventType "team"]
[EventRounds "14"]
[EventCountry "ESP"]
[Source "lmi"]
[SourceDate "2004.10.27"]

1. e4 c5 2. Nf3 d6 3. d4 cxd4 4. Nxd4 Nf6 5. Nc3 a6 6. Bc4 e6 7. O-O Qc7 8. Bb3
Be7 9. f4 Nc6 10. Nf3 O-O 11. Kh1 b5 12. Qe2 Na5 13. e5 Nd7 14. Ne4 dxe5 15.
fxe5 Nxb3 16. axb3 Bb7 17. Bg5 Bxg5 18. Nexg5 Bxf3 19. Nxf3 h6 20. Rad1 Rac8
21. Rd4 Nb6 22. c3 Rcd8 23. Rh4 Rd5 24. Rh5 Nd7 25. Qe4 Nf6 26. exf6 Rxh5 27.
g4 Rd5 28. g5 hxg5 29. fxg7 Rfd8 30. Nd4 Kxg7 31. Rg1 Re5 32. Qf3 Rh8 33. Qg3
Qb7+ 34. Rg2 Qe4 35. Nf3 Rd5 36. h3 f6 37. Kh2 Rd3 38. Nxg5 Rxg3 39. Nxe4
Rhxh3+ 40. Kg1 Rxg2+ 41. Kxg2 Re3 42. Nc5 Re2+ 43. Kf3 Rxb2 44. Nxe6+ Kf7 45.
Nd4 a5 0-1

[Event "Olimpiada Calviá 2004"]
[Site "Calviá ESP"]
[Date "2004.10.16"]
[Round "2.60"]
[White "Rowe, Peter"]
[Black "Kyriakidis, Thrasos"]
[Result "0-1"]
[WhiteElo "2085"]
[BlackElo "2157"]
[PlyCount "48"]
[EventDate "2004.10.15"]
[EventType "team"]
[EventRounds "14"]
[EventCountry "ESP"]
[Source "lmi"]
[SourceDate "2004.10.27"]

1. d4 c5 2. d5 e5 3. c4 d6 4. e4 g6 5. Nc3 Bg7 6. Bd3 Ne7 7. Nge2 O-O 8. O-O f5
9. f4 Nd7 10. Rb1 exf4 11. exf5 f3 12. Nf4 Bd4+ 13. Kh1 fxg2+ 14. Kxg2 Nxf5 15.
Ne6 Nh4+ 16. Kh1 Rxf1+ 17. Qxf1 Qf6 18. Bg5 Qf3+ 19. Qxf3 Nxf3 20. Be7 Nde5 21.
Nc7 Nxd3 22. Rf1 Nde1 23. Ne2 Bh3 24. Rxf3 Bg2# 0-1

[Event "Olimpiada Calviá 2004"]
[Site "Calviá ESP"]
[Date "2004.10.16"]
[Round "2.62"]
[White "Hoareau, Benjamin"]
[Black "Fulton, Anthony"]
[Result "0-1"]
[WhiteElo "2200"]
[BlackElo "2203"]
[PlyCount "78"]
[EventDate "2004.10.15"]
[EventType "team"]
[EventRounds "14"]
[EventCountry "ESP"]
[Source "lmi"]
[SourceDate "2004.10.27"]

1. c4 e5 2. g3 Nf6 3. Bg2 Bc5 4. Nc3 O-O 5. Nf3 Re8 6. O-O c6 7. d4 exd4 8.
Nxd4 d6 9. Bg5 h6 10. Bxf6 Qxf6 11. e3 Bb6 12. Qd2 Nd7 13. f4 Rxe3 14. Rad1 Re8
15. Kh1 Nf8 16. Nxc6 bxc6 17. Bxc6 Bh3 18. Nd5 Qd8 19. Nxb6 Qxb6 20. Bxe8 Qb7+
21. Kg1 Bxf1 22. Bxf7+ Qxf7 23. Rxf1 Qxc4 24. Qxd6 Re8 25. b3 Qc2 26. Qd5+ Kh8
27. Rf2 Qb1+ 28. Kg2 Qg6 29. b4 Qb6 30. b5 Nh7 31. a4 Nf6 32. Qd3 Qb7+ 33. Kh3
Qf7 34. g4 Qe6 35. Qg3 h5 36. Kh4 hxg4 37. f5 Qf7 38. Qg2 Qh5+ 39. Kg3 Ne4+ 0-1

[Event "Olimpiada Calviá 2004 Femenina"]
[Site "Calviá ESP"]
[Date "2004.10.16"]
[Round "2.9"]
[White "Sabirova, Olga"]
[Black "Sergeeva, Maria"]
[Result "0-1"]
[WhiteElo "2250"]
[BlackElo "2308"]
[PlyCount "96"]
[EventDate "2004.10.15"]
[EventType "team"]
[EventRounds "14"]
[EventCountry "ESP"]
[Source "lmi"]
[SourceDate "2004.10.27"]

1. e4 c5 2. Nc3 Nc6 3. f4 g6 4. Nf3 Bg7 5. Bb5 Nd4 6. Nxd4 cxd4 7. Ne2 a6 8.
Ba4 e6 9. O-O Ne7 10. d3 O-O 11. Qe1 d6 12. Bb3 Nc6 13. Ng3 Na5 14. f5 Nxb3 15.
axb3 d5 16. Qf2 dxe4 17. dxe4 exf5 18. exf5 Re8 19. fxg6 fxg6 20. Qf7+ Kh8 21.
Bg5 Qd7 22. Rad1 Rf8 23. Qxf8+ Bxf8 24. Rxf8+ Kg7 25. Rdf1 Qd5 26. h4 Bh3 27.
R8f7+ Qxf7 28. Rxf7+ Kxf7 29. gxh3 Rc8 30. Ne2 Rxc2 31. Nxd4 Rxb2 32. Bf4 Kf6
33. Kf1 a5 34. Bc7 a4 35. bxa4 Rb4 36. Bd8+ Ke5 37. Nf3+ Kf4 38. Ng5 h6 39. Nf7
Rxa4 40. Nxh6 Kf3 41. Ke1 Re4+ 42. Kf1 Rd4 43. Ba5 Rxh4 44. Ng4 Rxh3 45. Ne5+
Ke3 46. Nxg6 Rh5 47. Bc3 Rc5 48. Be1 Rf5+ 0-1

[Event "Olimpiada Calviá 2004"]
[Site "Calviá ESP"]
[Date "2004.10.17"]
[Round "3.2"]
[White "Huzman, Alexander"]
[Black "Markus, Robert"]
[Result "1-0"]
[WhiteElo "2581"]
[BlackElo "2555"]
[PlyCount "99"]
[EventDate "2004.10.15"]
[EventType "team"]
[EventRounds "14"]
[EventCountry "ESP"]
[Source "lmi"]
[SourceDate "2004.10.27"]

1. d4 Nf6 2. c4 e6 3. g3 Bb4+ 4. Bd2 Qe7 5. Nf3 Nc6 6. Nc3 Bxc3 7. Bxc3 Ne4 8.
Rc1 O-O 9. Bg2 d6 10. d5 Nxc3 11. Rxc3 Nd8 12. O-O e5 13. c5 f5 14. cxd6 cxd6
15. Qb3 Nf7 16. Rfc1 b6 17. Qa3 a5 18. Rc6 Ba6 19. Qe3 Qd8 20. Nd2 e4 21. f4
exf3 22. Nxf3 Re8 23. Qxb6 Qf6 24. Qd4 Qh6 25. Qf4 Qf6 26. Qd4 Qh6 27. e3 Be2
28. Qf4 Bxf3 29. Qxh6 gxh6 30. Bxf3 Rxe3 31. Bh5 Ng5 32. Rxd6 f4 33. gxf4 Nh3+
34. Kh1 Nxf4 35. Bg4 h5 36. Bf5 Rae8 37. Rg1+ Kf7 38. Rf1 Ne2 39. Bg4+ Kg8 40.
Bxh5 Rf8 41. Rdf6 Rxf6 42. Rxf6 Nc1 43. d6 Nxa2 44. d7 Rd3 45. Bg4 Kg7 46. Rc6
h5 47. Bf5 Rd1+ 48. Kg2 Nb4 49. Rc8 Kf6 50. Bh3 1-0

[Event "Olimpiada Calviá 2004"]
[Site "Calviá ESP"]
[Date "2004.10.17"]
[Round "3.3"]
[White "Ftacnik, Lubomir"]
[Black "Delchev, Aleksander"]
[Result "1/2-1/2"]
[WhiteElo "2533"]
[BlackElo "2601"]
[PlyCount "54"]
[EventDate "2004.10.15"]
[EventType "team"]
[EventRounds "14"]
[EventCountry "ESP"]
[Source "lmi"]
[SourceDate "2004.10.27"]

1. Nf3 d5 2. d4 Nf6 3. c4 c6 4. Nc3 a6 5. a4 e6 6. Bg5 Nbd7 7. Qc2 Be7 8. e3
O-O 9. Be2 b6 10. O-O Bb7 11. Rad1 Rc8 12. e4 dxe4 13. Nxe4 Nxe4 14. Bxe7 Qxe7
15. Qxe4 Nf6 16. Qe3 Qb4 17. b3 c5 18. Ne5 Rfd8 19. dxc5 Qxc5 20. Qxc5 bxc5 21.
f3 Kf8 22. a5 Ke7 23. Kf2 Nd7 24. Nxd7 Rxd7 25. Rxd7+ Kxd7 26. Rb1 Ba8 27. Bd3
Rb8 1/2-1/2

[Event "Olimpiada Calviá 2004"]
[Site "Calviá ESP"]
[Date "2004.10.17"]
[Round "3.3"]
[White "Cheparinov, Ivan"]
[Black "Mrva, Martin"]
[Result "1-0"]
[WhiteElo "2576"]
[BlackElo "2507"]
[PlyCount "51"]
[EventDate "2004.10.15"]
[EventType "team"]
[EventRounds "14"]
[EventCountry "ESP"]
[Source "lmi"]
[SourceDate "2004.10.27"]

1. d4 Nf6 2. c4 g6 3. Nc3 Bg7 4. e4 d6 5. Be2 O-O 6. Nf3 e5 7. Be3 Ng4 8. Bg5
f6 9. Bc1 Nc6 10. d5 Ne7 11. h3 Nh6 12. h4 f5 13. Ng5 fxe4 14. g4 c6 15. Ngxe4
cxd5 16. cxd5 a6 17. h5 gxh5 18. Rxh5 Nf7 19. Bd3 Ng6 20. g5 Nfh8 21. Rh1 Rf7
22. Qh5 Nf8 23. Be3 Nhg6 24. O-O-O Rf4 25. Bxf4 Nxf4 26. Nf6+ 1-0

[Event "Olimpiada Calviá 2004"]
[Site "Calviá ESP"]
[Date "2004.10.17"]
[Round "3.5"]
[White "Rowson, Jonathan"]
[Black "Johannessen, Leif Erlend"]
[Result "1/2-1/2"]
[WhiteElo "2577"]
[BlackElo "2519"]
[PlyCount "49"]
[EventDate "2004.10.15"]
[EventType "team"]
[EventRounds "14"]
[EventCountry "ESP"]
[Source "lmi"]
[SourceDate "2004.10.27"]

1. d4 d5 2. c4 c6 3. Nf3 Nf6 4. Nc3 dxc4 5. a4 Bf5 6. Ne5 Nbd7 7. Nxc4 Qc7 8.
g3 e5 9. dxe5 Nxe5 10. Bf4 Nfd7 11. Bg2 g5 12. Bxe5 Nxe5 13. Qd4 f6 14. O-O-O
Be7 15. Nxe5 Qxe5 16. Qxe5 fxe5 17. Be4 Be6 18. f3 Rd8 19. g4 O-O 20. Rxd8 Rxd8
21. Rd1 Rd4 22. e3 Rxd1+ 23. Kxd1 a5 24. Bf5 Bb3+ 25. Bc2 1/2-1/2

[Event "Olimpiada Calviá 2004"]
[Site "Calviá ESP"]
[Date "2004.10.17"]
[Round "3.5"]
[White "Ostenstad, Berge"]
[Black "McNab, Colin A"]
[Result "1/2-1/2"]
[WhiteElo "2506"]
[BlackElo "2434"]
[PlyCount "120"]
[EventDate "2004.10.15"]
[EventType "team"]
[EventRounds "14"]
[EventCountry "ESP"]
[Source "lmi"]
[SourceDate "2004.10.27"]

1. d4 d6 2. Nf3 g6 3. c4 Bg7 4. Nc3 Nd7 5. e4 e5 6. Be2 Ngf6 7. O-O O-O 8. Be3
c6 9. d5 Ng4 10. Bg5 f6 11. Bh4 Qe7 12. Ne1 Nh6 13. f3 a5 14. a3 Nf7 15. b4
axb4 16. axb4 Rxa1 17. Qxa1 Bh6 18. Bf2 f5 19. dxc6 bxc6 20. b5 Bb7 21. Qa7 Nd8
22. bxc6 Bxc6 23. Nd5 Bxd5 24. exd5 Rf7 25. Nc2 Qg5 26. Rd1 Nc5 27. Qa8 Bf8 28.
Nb4 Ndb7 29. Nc6 e4 30. Qe8 Nd7 31. Qc8 Nf6 32. Nd4 Nc5 33. Ne6 Nxe6 34. dxe6
Re7 35. c5 exf3 36. Bxf3 dxc5 37. Qxc5 Ng4 38. Bxg4 Qxg4 39. Rd8 Qe4 40. h3
Qxe6 41. Bd4 Re8 42. Rxe8 Qxe8 43. Qd5+ Qf7 44. Qe5 Bg7 45. Qb8+ Qf8 46. Qb3+
Kh8 47. Qc3 h6 48. h4 Kh7 49. Qc7 Kh8 50. Bxg7+ Qxg7 51. Qd8+ Kh7 52. Qd5 h5
53. g3 Qc7 54. Kg2 Kg7 55. Qe6 f4 56. gxf4 Qxf4 57. Qe7+ Qf7 58. Qxf7+ Kxf7 59.
Kf3 Kf6 60. Kf4 g5+ 1/2-1/2

[Event "Olimpiada Calviá 2004"]
[Site "Calviá ESP"]
[Date "2004.10.17"]
[Round "3.5"]
[White "Shaw, John"]
[Black "Lie, Kjetil A"]
[Result "1-0"]
[WhiteElo "2433"]
[BlackElo "2474"]
[PlyCount "101"]
[EventDate "2004.10.15"]
[EventType "team"]
[EventRounds "14"]
[EventCountry "ESP"]
[Source "lmi"]
[SourceDate "2004.10.27"]

1. e4 c5 2. c3 d6 3. d4 Nf6 4. Bd3 g6 5. dxc5 d5 6. Nd2 Bg7 7. Ngf3 O-O 8. O-O
Nbd7 9. exd5 Nxc5 10. Bc4 a6 11. Nb3 Na4 12. d6 exd6 13. Nbd4 b5 14. Bb3 Nc5
15. Bc2 Bb7 16. Re1 Qd7 17. Bf4 Rfe8 18. Rxe8+ Rxe8 19. a4 Nd5 20. Bd2 Nb6 21.
axb5 axb5 22. Qf1 Nc4 23. Bc1 Ne5 24. Nxe5 Bxe5 25. Be3 Rb8 26. Ra5 Kg7 27. f3
Re8 28. Qxb5 Qe7 29. Bf2 Qg5 30. Qf1 Ne6 31. Nxe6+ Rxe6 32. Kh1 Qd2 33. Bb3 Re7
34. Ra2 Bf4 35. Bc4 Bc8 36. Bd4+ Kh6 37. b4 Qe1 38. Rf2 Qxf1+ 39. Rxf1 Rc7 40.
Bd5 Ba6 41. Ra1 Bd3 42. g3 Be5 43. Bxe5 dxe5 44. c4 f5 45. b5 Rd7 46. Kg1 e4
47. fxe4 fxe4 48. Kf2 Rd8 49. b6 Rb8 50. c5 Rd8 51. b7 1-0

[Event "Olimpiada Calviá 2004"]
[Site "Calviá ESP"]
[Date "2004.10.17"]
[Round "3.5"]
[White "Elsness, Frode"]
[Black "Mannion, Stephen R"]
[Result "1/2-1/2"]
[WhiteElo "2425"]
[BlackElo "2357"]
[PlyCount "158"]
[EventDate "2004.10.15"]
[EventType "team"]
[EventRounds "14"]
[EventCountry "ESP"]
[Source "lmi"]
[SourceDate "2004.10.27"]

1. d4 Nf6 2. c4 c5 3. d5 b5 4. cxb5 a6 5. bxa6 g6 6. Nc3 Bxa6 7. Nf3 d6 8. g3
Bg7 9. Bg2 Nbd7 10. Rb1 O-O 11. O-O Ne8 12. Qc2 Nc7 13. Rd1 Nb6 14. Nh4 Nb5 15.
Nxb5 Bxb5 16. b3 Qc8 17. Be3 Ra3 18. Bc1 Ra8 19. Bg5 Re8 20. a4 Nxa4 21. bxa4
Bxa4 22. Qd2 Bxd1 23. Rxd1 Ra4 24. Nf3 Qa6 25. Bf1 Ra2 26. Qf4 Qa4 27. Qxa4
Rxa4 28. Rc1 Ra1 29. Rxa1 Bxa1 30. e4 f6 31. Be3 Rb8 32. Nd2 Bc3 33. Nc4 Kf7
34. h4 Rb1 35. Kg2 Ra1 36. f4 Ra2+ 37. Kf3 Ra1 38. Bd3 Ra4 39. e5 fxe5 40. fxe5
Bxe5 41. Nxe5+ dxe5 42. Bxc5 Ra5 43. Be3 e6 44. dxe6+ Kxe6 45. Bc4+ Kf6 46.
Bg5+ Kg7 47. Ke4 Ra4 48. Kd5 Ra3 49. g4 h6 50. Be7 Rg3 51. Be2 Re3 52. Bb5 Kf7
53. Bd8 Re1 54. Bc4 Kg7 55. Be7 e4 56. Kd4 e3 57. Kd3 e2 58. Ke3 h5 59. gxh5
gxh5 60. Bxe2 Kg6 61. Kf2 Ra1 62. Bd3+ Kf7 63. Bg5 Ra4 64. Ke3 Kg7 65. Bb5 Ra8
66. Ke4 Kg6 67. Bc6 Rc8 68. Bd7 Ra8 69. Bc6 Rf8 70. Be7 Rc8 71. Bd7 Ra8 72. Bc6
Rc8 73. Kd5 Kf7 74. Bg5 Rg8 75. Ke5 Rc8 76. Bd5+ Kg6 77. Ke6 Re8+ 78. Kd7 Re5
79. Kd6 Rxg5 1/2-1/2

[Event "Olimpiada Calviá 2004"]
[Site "Calviá ESP"]
[Date "2004.10.17"]
[Round "3.6"]
[White "Atalik, Suat"]
[Black "Sanduleac, Vasile"]
[Result "1/2-1/2"]
[WhiteElo "2541"]
[BlackElo "2486"]
[PlyCount "150"]
[EventDate "2004.10.15"]
[EventType "team"]
[EventRounds "14"]
[EventCountry "ESP"]
[Source "lmi"]
[SourceDate "2004.10.27"]

1. d4 d5 2. c4 c6 3. Nc3 e6 4. e3 f5 5. Bd3 Nf6 6. Nge2 Bd6 7. f3 O-O 8. O-O
Qe7 9. Qc2 Bd7 10. Bd2 Be8 11. e4 fxe4 12. fxe4 e5 13. exd5 exd4 14. Ne4 Nxe4
15. Bxe4 Nd7 16. dxc6 Nf6 17. cxb7 Rd8 18. Bd3 Bc6 19. Nf4 Qxb7 20. Ne6 Bxg2
21. Nxd8 Rxd8 22. Rxf6 gxf6 23. Bxh7+ Kh8 24. Qg6 Bc6 25. Qxf6+ Qg7+ 26. Qxg7+
Kxg7 27. Bf5 d3 28. h4 Bc5+ 29. Kh2 Bd4 30. Kh3 Rf8 31. Kg4 Bxb2 32. Re1 Bf6
33. Re3 Bxh4 34. Bc3+ Bf6 35. Re7+ Kg8 36. Bh7+ Kh8 37. Bxf6+ Rxf6 38. Bxd3 Rd6
39. Be2 Rd2 40. a3 Kg8 41. Kg5 Kf8 42. Re5 Be8 43. Bg4 Rd4 44. Be6 Ke7 45. Bg8+
Kd8 46. Ra5 Kc7 47. Rxa7+ Kb6 48. Re7 Bc6 49. Re3 Rd2 50. Kf6 Kc5 51. Re5+ Kb6
52. Bd5 Ba4 53. Ke7 Kc7 54. Re3 Bd7 55. Be4 Bc6 56. Bd3 Ra2 57. Be2 Rd2 58. Ke6
Kb6 59. Re5 Ra2 60. Re3 Rd2 61. Ke7 Rd7+ 62. Ke6 Rd2 63. Kf5 Rd4 64. Bd3 Kc5
65. Re5+ Kb6 66. Be2 Rd2 67. c5+ Kc7 68. Bh5 Rf2+ 69. Kg5 Rc2 70. Bg4 Rc3 71.
Kf6 Rxa3 72. Re7+ Kb8 73. Ke5 Re3+ 74. Kd6 Rxe7 75. Kxe7 Kc7 1/2-1/2

[Event "Olimpiada Calviá 2004"]
[Site "Calviá ESP"]
[Date "2004.10.17"]
[Round "3.6"]
[White "Khruschiov, Alexey"]
[Black "Kurajica, Bojan"]
[Result "1/2-1/2"]
[WhiteElo "2440"]
[BlackElo "2541"]
[PlyCount "92"]
[EventDate "2004.10.15"]
[EventType "team"]
[EventRounds "14"]
[EventCountry "ESP"]
[Source "lmi"]
[SourceDate "2004.10.27"]

1. e4 c5 2. Nf3 a6 3. c3 d5 4. exd5 Qxd5 5. d4 Nf6 6. Be2 g6 7. O-O Bg7 8. Re1
O-O 9. Ne5 cxd4 10. Bc4 Qd8 11. Qb3 e6 12. Bg5 Nc6 13. cxd4 Qxd4 14. Nxc6 bxc6
15. Nc3 Nd5 16. Rad1 Qa7 17. Qa3 h6 18. Bh4 Bb7 19. Kh1 Rfe8 20. Ne4 g5 21. Bg3
Rad8 22. Bd6 Bc8 23. Bc5 Qb8 24. Nd6 Bxb2 25. Qb3 Qxb3 26. axb3 Bc3 27. Rf1 a5
28. Nxe8 Rxe8 29. Kg1 Bb7 30. f3 Ra8 31. Rb1 Ba6 32. Rfd1 Bb5 33. Bd4 Rb8 34.
Bxd5 Bxd4+ 35. Rxd4 cxd5 36. Ra1 Bd7 37. Rd3 Rb5 38. Rc3 e5 39. Ra3 Be6 40. Rc6
d4 41. Ra6 Rc5 42. R3xa5 Rc1+ 43. Kf2 e4 44. fxe4 Rc2+ 45. Kf3 Rc3+ 46. Kf2
Rc2+ 1/2-1/2

[Event "Olimpiada Calviá 2004"]
[Site "Calviá ESP"]
[Date "2004.10.17"]
[Round "3.6"]
[White "Predojevic, Borki"]
[Black "Komliakov, Viktor"]
[Result "1-0"]
[WhiteElo "2509"]
[BlackElo "2434"]
[PlyCount "141"]
[EventDate "2004.10.15"]
[EventType "team"]
[EventRounds "14"]
[EventCountry "ESP"]
[Source "lmi"]
[SourceDate "2004.10.27"]

1. e4 g6 2. d4 Bg7 3. Nf3 d6 4. c3 Nf6 5. Bd3 O-O 6. O-O Nbd7 7. Re1 e5 8. Bg5
h6 9. Bh4 a6 10. Nbd2 b6 11. Nc4 Qe8 12. Qd2 Kh7 13. Rad1 Nh5 14. Bc2 Bf6 15.
dxe5 Nxe5 16. Bxf6 Nxf6 17. Nfxe5 dxe5 18. Ne3 Be6 19. Nd5 Qd8 20. Bb3 Bxd5 21.
Bxd5 Rb8 22. Qe2 Qc8 23. Qc4 Kg7 24. Bc6 b5 25. Qc5 Qe6 26. b4 Rbd8 27. g3 Rxd1
28. Rxd1 Qxa2 29. Qxe5 Qc4 30. Qc5 Qe6 31. e5 Nh7 32. f4 h5 33. Qd5 Qg4 34. Qd7
Qe2 35. Qd3 Qa2 36. Qd4 Qe6 37. Qd5 Qg4 38. Qd7 Qe2 39. Qd2 Qg4 40. Kg2 Qe6 41.
Qd5 Qf5 42. Qd4 Qe6 43. Bd7 Qe7 44. Bc6 Qe6 45. Bd5 Qe7 46. Bb3 Re8 47. Qd7 Nf8
48. Qxe7 Rxe7 49. Rd8 Rd7 50. Rxd7 Nxd7 51. Kf3 Kf8 52. Ke4 c6 53. Kd4 Ke7 54.
Bc2 Nb6 55. Be4 Kd7 56. f5 g5 57. f6 h4 58. Bf5+ Kd8 59. e6 fxe6 60. Bxe6 hxg3
61. hxg3 Ke8 62. g4 Kf8 63. Kc5 Na4+ 64. Kxc6 Nxc3 65. Kb6 Ne4 66. f7 Ke7 67.
Kxa6 Nf6 68. Kxb5 Nh7 69. Bf5 Nf6 70. Kc6 Kxf7 71. b5 1-0